000 00566nam a2200217Ia 4500
003 OSt
005 20230328152741.0
008 210329s9999||||xx |||||||||||||| ||und||
040 _cSTCPL
041 _aENG
082 _a332.12
_bSUN-A
100 _aSundararajan , T
245 2 _aA practical guide to merchant banking /
_cby T Sundararajan
260 _aBangalore :
_bIndian Capital Bureau ,
_c1993 .
300 _a494 p.
_bHB
650 _aMerchant banking
650 _aFinancial market
650 _aFinancial instruments
942 _cBK
942 _2ddc
999 _c41309
_d41309